01882cam a2200289 a 450000100090000000300040000900500170001300800410003001000170007102000310008802000280011903500240014704000570017105000220022808200230025010000260027324500810029926000450038030000330042550400640045852009400052265000350146265000250149765000290152265000210155170000200157215552836OSt20230915160854.0081211s2009 ilua b 001 0 eng  a 2008052163 a9780736075862 (soft cover) a0736075860 (soft cover) a(OCoLC)ocn251227373 aDLCcDLCdBTCTAdYDXCPdIEBdC#PdBWXdBURdQBXdDLC00aRC1235b.M26 200900a613.2024796bMAC/A1 aMacedonio, Michele A.14aThe athlete's guide to making weight /cMichele A. Macedonio, Marie Dunford. aChampaign, IL :bHuman Kinetics,cc2009. axi, 258 p. :bill. ;c26 cm. aIncludes bibliographical references (p. 245-248) and index. aMoving up or down a weight class? Switching positions within your sport? Competing in a new league or level? Are you big enough, quick enough, and strong enough? Elite athletes understand the impact that body weight and composition have on performance. Gain too much, and lose that all-important first step. Drop too much, and risk being overpowered. Here, sport dietitians Macedonio and Dunford have analyzed today's top athletes, competitive trends, and positional demands across 21 sports to help you determine--and achieve--your optimal competitive weight. Assess body composition, nutritional requirements, and your current training program. Then follow the customizable meal plans for a personalized approach to maximizing performance. Whether you need to add muscle and mass, lose body fat, or control water weight, this book will help you reach your goals without sacrificing safety or performance.--From publisher description. 0aSportsxPhysiological aspects. 0aAthletesxNutrition. 0aBody weightxRegulation. 0aSports medicine.1 aDunford, Marie.